Представление документа в формате RUSMARC

ПолеНазваниеЗначение
  Тип записи a
  Библиографический уровень m
001 Контрольный номер RU/SLIB/B/208756797
005 Дата корректировки 20230419143938.5
010 Индекс ISBN __
d Цена 35 000-00
101 Язык документа 0_
a Язык текста rus
200 Заглавие и сведения об ответственности 1_
a Заглавие Психология о каждом из нас и каждому из нас о психологии
f Первые сведения об ответственности Петровский А. В.
b Общее обозначение материала Текст
210 Выходные данные 1_
a Место издания М.
c Издательство Изд. центр Рос. гос. гуманитар. ун-та
d Дата издания 1996
215 Физическое описание __
a Объем 342 с.
320 Библиография __
a Библиография Библиогр.: с. 344-346
606 Тематические рубрики __
a Основная рубрика Психология
606 Тематические рубрики __
a Основная рубрика Общая психология
610 Ключевые слова 0_
a Ключевые слова популярная психология; человек; личность; психологические теории; психологические течения; психологические проблемы
686 Индексы других классификаций __
a Классификационный индекс 88.37; ст88
700 Автор _1
a Фамилия Петровский
b Имя А. В.
4 Код отношения 070
801 Источник записи _0
a Страна RU
b Организация Муниципальное бюджетное учреждение культуры "Централизованная библиотечная система" г. Сургут (Центральная городская библиотека им. А. С. Пушкина)
g Правила каталогизации КиК/Михайлова
801 Источник записи _1
a Страна RU
b Организация Муниципальное бюджетное учреждение культуры "Централизованная библиотечная система" г. Сургут (Центральная городская библиотека им. А. С. Пушкина)
g Правила каталогизации КиК/Михайлова
852 Данные о местонахождении __
j Шифр хранения 88.37
i Авторский знак П 30
p Инвентарный номер 61076
901 Тип документа __
t Тип документа m
990 Данные о заказе (DOS) __
j Количество экземпляров (DOS) 1